[Event "Friedrichroda op 11th"]
[Site "Friedrichroda"]
[Date "2007.08.11"]
[Round "6"]
[White "Bergmann, Michaela"]
[Black "Horatschek, Peter"]
[Result "1-0"]
[WhiteElo "1697"]
[BlackElo "1765"]
[PlyCount "99"]
[EventDate "2007.08.08"]
[EventType "swiss"]
[EventRounds "7"]
[EventCountry "GER"]
[SourceTitle "CBM 120 Extra"]
[Source "ChessBase"]
[SourceDate "2007.11.01"]
[SourceVersion "1"]
[SourceVersionDate "2007.11.01"]
[SourceQuality "1"]

1. d4 d5 2. c4 e6 3. Nf3 Nf6 4. Nc3 Nbd7 5. Bg5 Be7 6. e3 0-0 7. Rc1 b6 8. Bd3 dxc4 9. Bxc4 Bb7 10. 0-0 Rc8 11. Qe2 c5 12. Rfd1 Qc7 13. Bb5 Rfd8 14. Bf4 Bd6 15. Bxd6 Qxd6 16. dxc5 Qxc5 17. Ba6 Bxa6 18. Qxa6 Qb4 19. Qb5 Qe7 20. Rc2 Rc5 21. Qd3 h6 22. Rcd2 Rdc8 23. h3 Nd5 24. Nxd5 Rxd5 25. Qa6 Nc5 26. Qxc8+ Kh7 27. Rxd5 exd5 28. Qf5+ g6 29. Qxd5 Qf6 30. Ne5 Ne6 31. b3 Ng5 32. h4 Ne6 33. g3 g5 34. hxg5 Nxg5 35. Ng4 Qg6 36. Qd3 Nf3+ 37. Kh1 Qxd3 38. Rxd3 Kg6 39. Rd6+ Kg5 40. Nxh6 f6 41. Nf7+ Kg6 42. Rd7 a5 43. Rb7 Ne1 44. Nd6 Nd3 45. Rxb6 Nxf2+ 46. Kg2 Nd1 47. Kf3 Nc3 48. a4 Kg7 49. Nc4 f5 50. Nxa5 1-0

[Event "Karl Mala Memorial op 09th"]
[Site "Frankfurt"]
[Date "2005.07.29"]
[Round "3"]
[White "Budeck, Alfred"]
[Black "Bergmann, Michaela"]
[Result "1-0"]
[WhiteElo "1576"]
[BlackElo "1197"]
[PlyCount "57"]
[EventDate "2005.07.28"]
[EventType "swiss"]
[EventRounds "7"]
[EventCountry "GER"]
[SourceTitle "EXT 2006"]
[Source "ChessBase"]
[SourceDate "2005.11.24"]
[SourceVersion "1"]
[SourceVersionDate "2005.11.24"]
[SourceQuality "1"]

1. Nc3 Nf6 2. Nf3 e6 3. d4 d5 4. Bg5 Be7 5. Bxf6 Bxf6 6. e4 dxe4 7. Nxe4 Nd7 8. Bc4 0-0 9. 0-0 a6 10. a4 b6 11. c3 Bb7 12. Nfd2 Rc8 13. Qf3 Rb8 14. Qg3 Bxe4 15. Nxe4 a5 16. Rad1 Qc8 17. Bd3 c5 18. dxc5 bxc5 19. Qh3 h6 20. Bb5 Qb7 21. Rfe1 Rfd8 22. Bxd7 Rxd7 23. Nxf6+ gxf6 24. Rxd7 Qxd7 25. Qg3+ Kh7 26. Qxb8 Qd2 27. Ra1 c4 28. h3 e5 29. Qb5 1-0